| Tag |
First Indicator |
Second Indicator |
Subfields |
| LEADER |
00000cam a22000008a 4500 |
| 001 |
in00001029708 |
| 005 |
20150928093321.0 |
| 008 |
910204s1991 si b 1000 eng |
| 010 |
|
|
|a 91008455
|
| 020 |
|
|
|a 9810201265
|
| 035 |
|
|
|a (OCoLC)23179774
|
| 035 |
|
|
|9 AFF3428AM
|
| 040 |
|
|
|a DLC
|c DLC
|d UtOrBLW
|
| 049 |
|
|
|a TXAM
|
| 050 |
0 |
0 |
|a QC174.45.A1
|b J64 1990
|
| 082 |
0 |
0 |
|a 530.1/43
|2 20
|
| 090 |
|
|
|a QC174.45.A1
|b J64 1991
|
| 111 |
2 |
|
|a Johns Hopkins Workshop on Current Problems in Particle Theory :
|n (14th :
|d 1990 :
|c Debrecen, Hungary)
|
| 245 |
1 |
0 |
|a Nonperturbative methods in low dimensional quantum field theories :
|b proceedings of the Johns Hopkins Workshop on Current Problems in Particle Theory 14, Debrecen, 1990 (August 27-30) /
|c edited by G. Domokos, Z. Horváth, S. Kovesi-Domokos.
|
| 263 |
|
|
|a 9103
|
| 264 |
|
1 |
|a Singapore ;
|a Teaneck, N.J. :
|b World Scientific,
|c 1991.
|
| 300 |
|
|
|a 490 pages :
|b illustrations
|
| 336 |
|
|
|a text
|b txt
|2 rdacontent
|
| 337 |
|
|
|a unmediated
|b n
|2 rdamedia
|
| 338 |
|
|
|a volume
|b nc
|2 rdacarrier
|
| 504 |
|
|
|a Includes bibliographical references.
|
| 650 |
|
0 |
|a Quantum field theory
|v Congresses.
|
| 650 |
|
0 |
|a Conformal invariants
|x Congresses.
|
| 700 |
1 |
|
|a Domokos, G.
|
| 700 |
1 |
|
|a Horváth, Z.
|
| 700 |
1 |
|
|a Kövesi-Domokos, S.
|
| 999 |
|
|
|a MARS
|
| 999 |
f |
f |
|s 34732080-75bc-3c40-aa69-c4bc46eb8701
|i 2afb86dc-6957-39e3-9769-d6b1de7affa0
|t 0
|
| 952 |
f |
f |
|p ric
|a Texas A&M University
|b Rellis Campus
|c Joint Library Facility
|d Remote Storage
|t 0
|e QC174.45.A1 J64 1991
|h Library of Congress classification
|i unmediated -- volume
|m A14815064367
|
| 998 |
f |
f |
|a QC174.45.A1 J64 1991
|t 0
|l Remote Storage
|